[Event "Niedersachsen-ch U18"]
[Site "Rotenburg"]
[Date "2009.04.07"]
[Round "5"]
[White "Tenninger, Marc"]
[Black "Kaiser, Jonas"]
[Result "0-1"]
[WhiteElo "1774"]
[BlackElo "1896"]
[PlyCount "104"]
[EventDate "2009.04.04"]
[EventType "swiss"]
[EventRounds "9"]
[EventCountry "GER"]
[SourceTitle "EXT 2010"]
[Source "ChessBase"]
[SourceDate "2010.11.25"]
[SourceVersion "1"]
[SourceVersionDate "2010.11.25"]
[SourceQuality "1"]

1. d4 Nf6 2. Nf3 e6 3. Bg5 h6 4. Bh4 d5 5. e3 Be7 6. Bd3 0-0 7. 0-0 b6 8. Nbd2 Bb7 9. c3 Nbd7 10. Re1 c5 11. Rc1 Rc8 12. Bb1 Ne4 13. Bxe7 Qxe7 14. Qc2 f5 15. g3 g5 16. Ne5 Nxe5 17. dxe5 c4 18. f3 Nc5 19. Qd1 Qc7 20. f4 g4 21. Qe2 Qc6 22. Qg2 Qb5 23. Nf1 d4 24. e4 d3 25. h3 Bxe4 26. Rxe4 Nxe4 27. hxg4 Qc5+ 28. Kh2 Qf2 29. Qxf2 Nxf2 30. gxf5 exf5 31. b3 Rfd8 32. Nd2 b5 33. Kg2 Ng4 34. bxc4 bxc4 35. a4 Rb8 36. Kf1 Rb2 37. Ke1 Rdb8 38. Nxc4 Rxb1 39. Rxb1 Rxb1+ 40. Kd2 Rg1 41. Kxd3 Rxg3+ 42. Kd4 h5 43. Nd6 Nh6 44. c4 h4 45. c5 h3 46. c6 Rg7 47. Ne8 h2 48. Nxg7 h1Q 49. Kc5 Kxg7 50. Kd6 Qd1+ 51. Kc7 Nf7 52. Kb8 Qd8+ 0-1

[Event "Niedersachsen-ch U18"]
[Site "Rotenburg"]
[Date "2009.04.05"]
[Round "3"]
[White "Kaiser, Jonas"]
[Black "Delekat, Julian"]
[Result "1-0"]
[WhiteElo "1896"]
[BlackElo "1315"]
[PlyCount "107"]
[EventDate "2009.04.04"]
[EventType "swiss"]
[EventRounds "9"]
[EventCountry "GER"]
[SourceTitle "EXT 2010"]
[Source "ChessBase"]
[SourceDate "2010.11.25"]
[SourceVersion "1"]
[SourceVersionDate "2010.11.25"]
[SourceQuality "1"]

1. d4 Nf6 2. Nf3 g6 3. c4 Bg7 4. Nc3 d6 5. e4 0-0 6. Be2 e5 7. d5 Nbd7 8. Bg5 h6 9. Bh4 Nc5 10. Nd2 a5 11. 0-0 c6 12. f3 Qb6 13. Bf2 Nfd7 14. b3 Qc7 15. a3 Nb6 16. b4 axb4 17. axb4 Rxa1 18. Qxa1 Na6 19. Rb1 cxd5 20. cxd5 Bd7 21. Rc1 Rc8 22. Bxa6 bxa6 23. Qxa6 Na4 24. Ne2 Qb8 25. Rxc8+ Qxc8 26. Qxc8+ Bxc8 27. b5 Kf8 28. Nc4 Ke7 29. Na5 Kd7 30. Nc6 Bf6 31. Kf1 Bd8 32. Ke1 Bb6 33. Bxb6 Nxb6 34. Kd2 Kc7 35. Kc3 f5 36. h3 fxe4 37. fxe4 Nd7 38. Ne7 g5 39. Nxc8 Kxc8 40. Ng3 Kc7 41. Nf5 Nc5 42. b6+ Kxb6 43. Nxd6 Kc7 44. Ne8+ Kd7 45. Nf6+ Kd6 46. Kc4 Na4 47. Ne8+ Kd7 48. Ng7 Nb2+ 49. Kc3 Na4+ 50. Kb4 Nb2 51. Kc3 Na4+ 52. Kd3 Nc5+ 53. Ke3 Nb7 54. Nf5 1-0

[Event "Niedersachsen-ch op"]
[Site "Verden"]
[Date "2009.01.03"]
[Round "2"]
[White "Knobel, Joachim"]
[Black "Kaiser, Jonas"]
[Result "1/2-1/2"]
[WhiteElo "1351"]
[BlackElo "1907"]
[PlyCount "78"]
[EventDate "2009.01.03"]
[EventType "swiss"]
[EventRounds "7"]
[EventCountry "GER"]
[SourceTitle "EXT 2012"]
[Source "ChessBase"]
[SourceDate "2011.11.24"]
[SourceVersion "1"]
[SourceVersionDate "2011.11.24"]
[SourceQuality "1"]

1. e4 e6 2. d4 d5 3. e5 c5 4. c3 Qb6 5. Nf3 Nc6 6. Be2 cxd4 7. cxd4 Nge7 8. Nc3 Nf5 9. Bb5 Bd7 10. Bxc6 bxc6 11. 0-0 Be7 12. Na4 Qa5 13. a3 c5 14. Nxc5 Bxc5 15. dxc5 Qxc5 16. b4 Qb6 17. Bb2 0-0 18. Nd4 Ne7 19. Rc1 a5 20. Qd2 axb4 21. Qxb4 Qxb4 22. axb4 Ra2 23. Rb1 f6 24. f4 fxe5 25. fxe5 Rxf1+ 26. Kxf1 Ng6 27. Nf3 Bb5+ 28. Kg1 Bd3 29. Rd1 Bc2 30. Rd2 Rxb2 31. Kf2 Nf4 32. Ne1 Rxb4 33. Rxc2 Re4 34. Nf3 Nd3+ 35. Kg3 Rc4 36. Ra2 Kf7 37. Ng5+ Kg6 38. Nxe6 Nxe5 39. Nf4+ Kf5 1/2-1/2

[Event "Niedersachsen-ch U16"]
[Site "Rotenburg"]
[Date "2008.03.20"]
[Round "9"]
[White "Raum, Sebastian"]
[Black "Kaiser, Jonas"]
[Result "1-0"]
[WhiteElo "1818"]
[BlackElo "1786"]
[PlyCount "59"]
[EventDate "2008.03.15"]
[EventType "swiss"]
[EventRounds "9"]
[EventCountry "GER"]
[SourceTitle "EXT 2009"]
[Source "ChessBase"]
[SourceDate "2008.11.26"]
[SourceVersion "1"]
[SourceVersionDate "2008.11.26"]
[SourceQuality "1"]

1. e4 e6 2. d4 d5 3. Nd2 c5 4. exd5 exd5 5. Bb5+ Nc6 6. Qe2+ Be7 7. Ngf3 Nf6 8. 0-0 0-0 9. dxc5 Bxc5 10. Nb3 Re8 11. Qd3 Bb6 12. c3 Qd6 13. Nbd4 Ne4 14. Qc2 Bg4 15. Bd3 Rac8 16. Be3 a6 17. Nxc6 Bxe3 18. Nce5 Bxf3 19. Nxf7 Qg6 20. fxe3 Qxf7 21. Rxf3 Qd7 22. Raf1 Nf6 23. Bf5 Re6 24. Bxe6+ Qxe6 25. Qf5 Qxf5 26. Rxf5 Re8 27. R5f3 Ng4 28. h3 Nf6 29. Rd1 Re4 30. Rd4 1-0

[Event "Niedersachsen-ch U16"]
[Site "Rotenburg"]
[Date "2008.03.18"]
[Round "5"]
[White "Dorn, Carina"]
[Black "Kaiser, Jonas"]
[Result "0-1"]
[WhiteElo "1749"]
[BlackElo "1786"]
[PlyCount "72"]
[EventDate "2008.03.15"]
[EventType "swiss"]
[EventRounds "9"]
[EventCountry "GER"]
[SourceTitle "EXT 2009"]
[Source "ChessBase"]
[SourceDate "2008.11.26"]
[SourceVersion "1"]
[SourceVersionDate "2008.11.26"]
[SourceQuality "1"]

1. d4 d5 2. c4 e6 3. Nc3 Nf6 4. cxd5 exd5 5. Bg5 Be7 6. e3 c6 7. Bd3 Bg4 8. Nge2 Bh5 9. Qc2 Bg6 10. 0-0 0-0 11. Rad1 Bxd3 12. Qxd3 Nbd7 13. Kh1 Re8 14. f3 Nb6 15. e4 dxe4 16. fxe4 Nxe4 17. Nxe4 Bxg5 18. Nxg5 Qxg5 19. Qf3 Qd5 20. Nc3 Qxf3 21. Rxf3 Re7 22. h3 Rae8 23. Kh2 f6 24. Rfd3 Rd7 25. b3 Nd5 26. Nxd5 Rxd5 27. b4 Red8 28. a4 b6 29. Rc3 c5 30. bxc5 bxc5 31. Rb3 cxd4 32. Rdd3 R8d7 33. Rb4 Kf7 34. Rb2 a5 35. Rc2 Ke6 36. Re2+ Re5 0-1

[Event "Niedersachsen-ch"]
[Site "Verden"]
[Date "2008.01.03"]
[Round "2"]
[White "Kaiser, Jonas"]
[Black "Orschulik, Nils"]
[Result "1-0"]
[WhiteElo "1568"]
[BlackElo "1985"]
[PlyCount "68"]
[EventDate "2008.01.03"]
[EventType "swiss"]
[EventRounds "7"]
[EventCountry "GER"]
[SourceTitle "EXT 2010"]
[Source "ChessBase"]
[SourceDate "2010.11.25"]
[SourceVersion "1"]
[SourceVersionDate "2010.11.25"]
[SourceQuality "1"]

1. d4 d5 2. c4 e6 3. Nc3 f5 4. Nf3 Nf6 5. e3 c6 6. Bd3 Bd6 7. 0-0 0-0 8. b3 Ne4 9. Qc2 Nd7 10. Bb2 g5 11. Ne2 g4 12. Ne5 Qf6 13. Nxd7 Bxd7 14. Nf4 Qh4 15. g3 Qh6 16. a4 Ng5 17. Be2 Rf6 18. f3 Nh3+ 19. Kh1 gxf3 20. Bxf3 Ng5 21. Ba3 Bc7 22. cxd5 cxd5 23. Qxc7 Bc6 24. Be7 Rf7 25. Bxg5 Qxg5 26. Qd6 Re8 27. Rae1 Rd8 28. Qc5 Qf6 29. Qxa7 b5 30. Qc5 bxa4 31. bxa4 Bxa4 32. Ra1 Bb3 33. Rfb1 Bc4 34. Rb6 Re7 1-0

[Event "Niedersachsen-ch U16"]
[Site "Northeim"]
[Date "2007.10.21"]
[Round "3"]
[White "Elborg, Cornelia"]
[Black "Kaiser, Jonas"]
[Result "1-0"]
[WhiteElo "1213"]
[BlackElo "1623"]
[PlyCount "79"]
[EventDate "2007.10.20"]
[EventType "swiss"]
[EventRounds "7"]
[EventCountry "GER"]
[SourceTitle "EXT 2010"]
[Source "ChessBase"]
[SourceDate "2010.11.25"]
[SourceVersion "1"]
[SourceVersionDate "2010.11.25"]
[SourceQuality "1"]

1. e4 e6 2. Nf3 d5 3. exd5 exd5 4. d4 Bd6 5. Nc3 Nf6 6. Bg5 c6 7. Bd3 0-0 8. 0-0 h6 9. Bh4 Bg4 10. h3 Be6 11. Re1 Nbd7 12. Qd2 Qc7 13. Ne2 Nh5 14. c3 Nf4 15. Bc2 b6 16. Nxf4 Bxf4 17. Qd3 g6 18. Rxe6 Nb8 19. Re7 Qd6 20. Rae1 c5 21. dxc5 bxc5 22. Rd1 Nc6 23. Rb7 Na5 24. Be7 Qc6 25. Rb5 Rfe8 26. Bxc5 Nc4 27. Rb4 Qxc5 28. Qxd5 Qxd5 29. Rxd5 Nb6 30. Rd1 Re2 31. Bb1 Rae8 32. Rxf4 Rxb2 33. Rfd4 Ree2 34. Nd2 f5 35. Kf1 Re6 36. Rb4 Rxb4 37. cxb4 Rd6 38. Bc2 Rc6 39. Rc1 Na4 40. Bb3+ 1-0

[Event "Niedersachsen-ch U16"]
[Site "Northeim"]
[Date "2007.10.20"]
[Round "1"]
[White "Gutmayer, Philipp"]
[Black "Kaiser, Jonas"]
[Result "0-1"]
[WhiteElo "835"]
[BlackElo "1623"]
[PlyCount "64"]
[EventDate "2007.10.20"]
[EventType "swiss"]
[EventRounds "7"]
[EventCountry "GER"]
[SourceTitle "EXT 2010"]
[Source "ChessBase"]
[SourceDate "2010.11.25"]
[SourceVersion "1"]
[SourceVersionDate "2010.11.25"]
[SourceQuality "1"]

1. e4 e6 2. d4 d5 3. f3 dxe4 4. fxe4 Qh4+ 5. g3 Qxe4+ 6. Qe2 Qxh1 7. Qg2 Qxg2 8. Bxg2 Nf6 9. Bf4 c6 10. Nd2 Nbd7 11. 0-0-0 Be7 12. Nc4 Nd5 13. Bxd5 cxd5 14. Nd6+ Bxd6 15. Bxd6 Nb6 16. Nf3 Nc4 17. Bf4 0-0 18. b3 Nb6 19. Bd6 Re8 20. h4 Bd7 21. Rf1 Rac8 22. Ng5 f6 23. Nf3 Rc6 24. Bb4 e5 25. Rf2 e4 26. Ne1 Rce6 27. Ng2 e3 28. Re2 Bb5 29. Re1 Re4 30. a4 Ba6 31. Bc3 e2 32. Kb2 g5 0-1

[Event "Niedersachsen-ch U16"]
[Site "Rotenburg/Wuemme"]
[Date "2007.04.01"]
[Round "3"]
[White "Kaiser, Jonas"]
[Black "Bor, Tobias"]
[Result "0-1"]
[WhiteElo "1518"]
[BlackElo "1702"]
[PlyCount "92"]
[EventDate "2007.03.31"]
[EventType "swiss"]
[EventRounds "9"]
[EventCountry "GER"]
[SourceTitle "EXT 2008"]
[Source "ChessBase"]
[SourceDate "2007.11.25"]
[SourceVersion "1"]
[SourceVersionDate "2007.11.25"]
[SourceQuality "1"]

1. d4 Nf6 2. Nf3 e6 3. c4 Bb4+ 4. Bd2 Qe7 5. Nc3 b6 6. g3 Bb7 7. Bg2 0-0 8. 0-0 d6 9. Rc1 Rd8 10. Re1 c5 11. e3 Nc6 12. Qc2 Rac8 13. a3 Bxc3 14. Bxc3 cxd4 15. exd4 Ba6 16. d5 Nb8 17. Ng5 e5 18. b3 b5 19. Bh3 Nbd7 20. Bb4 bxc4 21. bxc4 Rxc4 22. Qa4 Rxc1 23. Rxc1 Nxd5 24. Qxa6 Nxb4 25. axb4 Qxg5 26. Rc7 Nf8 27. Qxa7 Qh5 28. Kg2 e4 29. Kg1 Qxh3 30. Rxf7 Rd7 31. Rxd7 Qxd7 32. Qd4 d5 33. Qb2 d4 34. b5 d3 35. Qb3+ Ne6 36. Kf1 d2 37. Ke2 Qxb5+ 38. Qxb5 Nd4+ 39. Kxd2 Nxb5 40. Ke3 Nd6 41. f3 exf3 42. Kxf3 Kf7 43. Kf4 Kf6 44. g4 g5+ 45. Kg3 Ne4+ 46. Kf3 Ke5 0-1

[Event "Niedersachsen-ch op"]
[Site "Verden"]
[Date "2007.01.05"]
[Round "4"]
[White "Kaiser, Jonas"]
[Black "Boehm, Jana"]
[Result "1-0"]
[WhiteElo "1555"]
[BlackElo "761"]
[PlyCount "81"]
[EventDate "2007.01.04"]
[EventType "swiss"]
[EventRounds "7"]
[EventCountry "GER"]
[SourceTitle "EXT 2021"]
[Source "ChessBase"]
[SourceDate "2020.10.23"]
[SourceVersion "1"]
[SourceVersionDate "2020.10.23"]
[SourceQuality "1"]

1. d4 d5 2. c4 Nf6 3. e3 Nc6 4. Nc3 e5 5. dxe5 Nxe5 6. cxd5 Bb4 7. Qa4+ c6 8. Qxb4 cxd5 9. Be2 Nfg4 10. Nf3 Qd7 11. h3 Nf6 12. Nxe5 Qe6 13. Bb5+ Bd7 14. Bxd7+ Nxd7 15. Qxb7 Nb6 16. Qc6+ Qxc6 17. Nxc6 0-0 18. 0-0 Rfc8 19. Ne7+ Kh8 20. Nxc8 Rxc8 21. Bd2 Rd8 22. Rad1 Nc4 23. b3 Nb2 24. Rb1 Nd3 25. Rfd1 d4 26. exd4 Rxd4 27. Be3 Rd6 28. Rd2 h6 29. Rbd1 Nb2 30. Rxd6 Nxd1 31. Rxd1 g6 32. Rd8+ Kg7 33. Bd4+ f6 34. Rd7+ Kf8 35. Bxf6 Ke8 36. Rg7 Kf8 37. Ne4 a5 38. Nd6 h5 39. Ra7 Kg8 40. Ra8+ Kh7 41. Rh8# 1-0

[Event "Niedersachsen-ch op"]
[Site "Verden"]
[Date "2007.01.05"]
[Round "5"]
[White "Palmer, Harald"]
[Black "Kaiser, Jonas"]
[Result "1-0"]
[WhiteElo "1769"]
[BlackElo "1555"]
[PlyCount "55"]
[EventDate "2007.01.04"]
[EventType "swiss"]
[EventRounds "7"]
[EventCountry "GER"]
[SourceTitle "EXT 2021"]
[Source "ChessBase"]
[SourceDate "2020.10.23"]
[SourceVersion "1"]
[SourceVersionDate "2020.10.23"]
[SourceQuality "1"]

1. e4 e6 2. d4 d5 3. Nc3 Nf6 4. e5 Nfd7 5. f4 c5 6. Nf3 Nc6 7. Bb5 Be7 8. Be3 a6 9. Bxc6 bxc6 10. 0-0 cxd4 11. Bxd4 c5 12. Bf2 Qb6 13. Rb1 a5 14. a4 Ba6 15. Re1 0-0 16. Ne2 Qc6 17. b3 h5 18. Bh4 Bxh4 19. Nxh4 g6 20. Ng3 Rfb8 21. Nf3 Rb4 22. Qd2 Rab8 23. f5 exf5 24. Qh6 Qb6 25. e6 c4+ 26. Kh1 Nc5 27. Ng5 Rb7 28. e7 1-0

[Event "Bezirk-ch U14/16"]
[Site "Osterode"]
[Date "2006.10.17"]
[Round "5"]
[White "Rosenstock, Philipp"]
[Black "Kaiser, Jonas"]
[Result "0-1"]
[WhiteElo "1278"]
[BlackElo "1594"]
[PlyCount "88"]
[EventDate "2006.10.14"]
[EventType "swiss"]
[EventRounds "7"]
[EventCountry "GER"]
[SourceTitle "EXT 2008"]
[Source "ChessBase"]
[SourceDate "2007.11.25"]
[SourceVersion "1"]
[SourceVersionDate "2007.11.25"]
[SourceQuality "1"]

1. Nf3 d5 2. g3 Nf6 3. Bg2 g6 4. 0-0 Bg7 5. d3 0-0 6. Nbd2 Nbd7 7. e4 c6 8. Re1 dxe4 9. dxe4 Ng4 10. Qe2 Nde5 11. Nxe5 Nxe5 12. Nf3 Bg4 13. h3 Nxf3+ 14. Bxf3 Bxf3 15. Qxf3 Qd7 16. Kh2 Rad8 17. Rb1 Qe6 18. b3 Qf6 19. Qxf6 Bxf6 20. Bh6 Bg7 21. Bxg7 Kxg7 22. Rbd1 a5 23. Rd3 Rxd3 24. cxd3 Rd8 25. Rd1 Rd4 26. f4 Kf6 27. Kg2 c5 28. Kf3 a4 29. Ke3 axb3 30. axb3 Rb4 31. Rb1 e5 32. Kd2 exf4 33. gxf4 Kg7 34. Ke3 Kh6 35. Kf3 Kh5 36. Kg3 Rd4 37. Rd1 b5 38. Rd2 c4 39. bxc4 bxc4 40. Rc2 Rxd3+ 41. Kg2 c3 42. Rc1 Kh4 43. Kh2 Rd2+ 44. Kg1 c2 0-1

[Event "Wilhelm Werner Memorial-H 31st"]
[Site "Bockenem"]
[Date "2006.05.27"]
[Round "6"]
[White "Kaiser, Jonas"]
[Black "Jacobi, Felix Hagen"]
[Result "0-1"]
[WhiteElo "1344"]
[BlackElo "1896"]
[PlyCount "74"]
[EventDate "2006.05.??"]
[EventType "swiss"]
[EventRounds "7"]
[EventCountry "GER"]
[SourceTitle "EXT 2008"]
[Source "ChessBase"]
[SourceDate "2007.11.25"]
[SourceVersion "1"]
[SourceVersionDate "2007.11.25"]
[SourceQuality "1"]

1. d4 f5 2. Bg5 g6 3. e3 Bg7 4. Bc4 Nc6 5. Ne2 Nf6 6. 0-0 b6 7. Nd2 Bb7 8. c3 e6 9. e4 d5 10. e5 dxc4 11. exf6 Bxf6 12. Bxf6 Qxf6 13. Nxc4 0-0-0 14. Qc2 h5 15. a4 h4 16. a5 g5 17. a6 Ba8 18. f3 Rdg8 19. Rfe1 Ne7 20. Ne5 Ng6 21. Nxg6 Rxg6 22. Qd3 f4 23. h3 Rd8 24. Qc2 Rg7 25. c4 Rgd7 26. b4 Kb8 27. c5 e5 28. dxe5 Qxe5 29. Nc3 Qd4+ 30. Kh2 Qxb4 31. Ne4 Bxe4 32. Qxe4 Qxe4 33. Rxe4 Rd5 34. c6 Rc5 35. Rd1 Kc8 36. Rde1 Rxc6 37. Re5 Rg6 0-1

[Event "Niedersachsen-ch U14"]
[Site "Rotenburg/Wuemme"]
[Date "2006.04.14"]
[Round "9"]
[White "Kaiser, Jonas"]
[Black "Raimann, Christian"]
[Result "1-0"]
[WhiteElo "1337"]
[BlackElo "1257"]
[PlyCount "33"]
[EventDate "2006.04.08"]
[EventType "swiss"]
[EventRounds "9"]
[EventCountry "GER"]
[SourceTitle "EXT 2007"]
[Source "ChessBase"]
[SourceDate "2006.11.23"]
[SourceVersion "1"]
[SourceVersionDate "2006.11.23"]
[SourceQuality "1"]

1. d4 c5 2. e3 Nc6 3. c3 e6 4. Bd3 d5 5. Nf3 Bd6 6. 0-0 Nf6 7. Nbd2 0-0 8. e4 dxe4 9. Nxe4 Nxe4 10. Bxe4 cxd4 11. Bxc6 bxc6 12. Qxd4 Bc7 13. Be3 Qd5 14. Rfd1 Rd8 15. c4 Qa5 16. Qh4 Bb7 17. Qg4 1-0

[Event "Niedersachsen-ch U14"]
[Site "Rotenburg/Wuemme"]
[Date "2006.04.08"]
[Round "1"]
[White "Kaiser, Jonas"]
[Black "Kawentel, Thorben"]
[Result "1-0"]
[WhiteElo "1357"]
[BlackElo "1643"]
[PlyCount "121"]
[EventDate "2006.04.08"]
[EventType "swiss"]
[EventRounds "9"]
[EventCountry "GER"]
[SourceTitle "EXT 2007"]
[Source "ChessBase"]
[SourceDate "2006.11.23"]
[SourceVersion "1"]
[SourceVersionDate "2006.11.23"]
[SourceQuality "1"]

1. d4 Nf6 2. c4 g6 3. Nc3 Bg7 4. e4 d6 5. Nf3 0-0 6. Be2 c5 7. 0-0 cxd4 8. Nxd4 Nc6 9. Be3 Bd7 10. h4 Qc8 11. Qd2 Ne5 12. Nd5 Qd8 13. Nxf6+ Bxf6 14. Bg5 Bg7 15. Bh6 Ng4 16. Bxg4 Bxg4 17. Bxg7 Kxg7 18. Qg5 Bd7 19. Nf5+ Bxf5 20. exf5 h6 21. Qg3 Qa5 22. fxg6 fxg6 23. Rfe1 e5 24. Qb3 b6 25. Red1 Qc5 26. Qc2 Rf4 27. Rd5 Qxc4 28. Qxc4 Rxc4 29. Rxd6 Rxh4 30. Re1 Rh5 31. Re6 Rd8 32. Re7+ Kf6 33. Rxa7 Re8 34. Rb7 Re6 35. Rc1 e4 36. Rcc7 Rd5 37. Rd7 Rc5 38. Rbc7 Rcc6 39. Rxc6 Rxc6 40. Rb7 Re6 41. Kf1 Ke5 42. Ke2 Kf4 43. Rf7+ Ke5 44. Ke3 g5 45. a4 Kd5 46. Rc7 h5 47. b4 h4 48. a5 bxa5 49. bxa5 g4 50. Rh7 g3 51. fxg3 hxg3 52. Rg7 Ra6 53. Rxg3 Kc4 54. Rg5 Re6 55. Rf5 Rg6 56. Rf2 Ra6 57. Ra2 Kd5 58. g4 Ke5 59. g5 Kf5 60. Ra1 Kxg5 61. Kxe4 1-0

[Event "Osterode district U14"]
[Site "Osterode"]
[Date "2004.10.11"]
[Round "4.1"]
[White "Kaiser, Jonas"]
[Black "Bohn, Dennis"]
[Result "1-0"]
[WhiteElo "1052"]
[BlackElo "990"]
[PlyCount "109"]
[EventDate "2004.10.09"]
[EventType "swiss"]
[EventRounds "7"]
[EventCountry "GER"]
[SourceTitle "EXT 2006"]
[Source "ChessBase"]
[SourceDate "2005.11.24"]
[SourceVersion "1"]
[SourceVersionDate "2005.11.24"]
[SourceQuality "1"]

1. d4 e6 2. c4 d5 3. cxd5 exd5 4. Nc3 Bb4 5. Nf3 Bf5 6. Bf4 c6 7. e3 Nf6 8. Bd3 Bxd3 9. Qxd3 0-0 10. 0-0 Bxc3 11. Qxc3 Nbd7 12. Rfc1 Ne4 13. Qc2 Qe7 14. Nd2 Nxd2 15. Qxd2 Rac8 16. Rab1 b6 17. b4 Qe6 18. Rc3 Nf6 19. f3 Nh5 20. Bg5 Qd7 21. Rbc1 Rfe8 22. Qc2 Re6 23. a4 a6 24. b5 Qc7 25. Rxc6 Rxc6 26. Qxc6 Qxc6 27. Rxc6 Re8 28. Rxb6 h6 29. Bh4 axb5 30. axb5 Rxe3 31. Rb8+ Kh7 32. b6 Rb3 33. b7 Rb1+ 34. Kf2 Rb2+ 35. Ke1 Kg6 36. Bd8 Kf5 37. Bc7 Nf6 38. Kd1 Nd7 39. Rd8 Rxb7 40. Rxd7 Ke6 41. Rd6+ Ke7 42. Rc6 Kd7 43. Rc1 Rxc7 44. Rxc7+ Kxc7 45. Kc2 Kc6 46. Kc3 Kb5 47. Kb3 f6 48. f4 g5 49. fxg5 hxg5 50. g4 Kc6 51. Kb4 Kd6 52. Kb5 Ke7 53. Kc5 Ke6 54. Kc6 Ke7 55. Kxd5 1-0